| 000 | 00620 a2200205 4500 | ||
|---|---|---|---|
| 005 | 20260218095815.0 | ||
| 008 | 260218b |||||||| |||| 00| 0 eng d | ||
| 020 |
_a9789360866716 _cरु 795.00 |
||
| 040 | _aMAIN | ||
| 082 |
_a891.4331741 _bAR11A |
||
| 100 | _a आज़ाद, राजवर्धन | ||
| 110 | _a | ||
| 245 | _aआयुष्य | ||
| 250 | _aLatest edition | ||
| 260 |
_bराजकमल प्रकाशन _c2025 _aनई दिल्ली |
||
| 300 | _a225 | ||
| 650 | _aहिन्दी साहित्य | ||
| 651 | _aहिन्दी कविता | ||
| 942 | _cHN | ||
| 999 |
_c394013 _d394013 |
||